متا ع ر و ح (Record no. 165701)

MARC details
000 -LEADER
fixed length control field 00643nam a22001937a 4500
005 - DATE AND TIME OF LATEST TRANSACTION
control field 20190627124725.0
010 ## - LCCN (DPL NO)
LC control number UR-10257
020 ## - INTERNATIONAL STANDARD BOOK NUMBER
Terms of availability 300.00
International Standard Book Number 9789387539341
035 ## - SYSTEM CONTROL NUMBER
System control number U-8812
037 ## - SOURCE OF ACQUISITION
Source of stock number/acquisition DBAD/PUB
082 ## - DEWEY DECIMAL CLASSIFICATION NUMBER
Classification number 841
100 ## - MAIN ENTRY--PERSONAL NAME
Personal name سيد عبا س متقی
245 ## - TITLE STATEMENT
Title متا ع ر و ح
Statement of responsibility, etc سيد عبا س متقی
246 ## - VARYING FORM OF TITLE
Remainder of title Mata-e-Rooh (Urdu)
Title proper/short title by Syed Abbas Muttaqui
260 ## - PUBLICATION, DISTRIBUTION, ETC. (IMPRINT)
Place of publication, distribution, etc Delhi
Name of publisher, distributor, etc Educational Publishing House
Date of publication, distribution, etc 2017ء
270 ## - ADDRESS
Address 3191،Vakil Street,Kucha Pandit,Lal Kuan,
City Delhi
Postal code 110006
Telephone number 23216162
Fax number 00911123211540
300 ## - PHYSICAL DESCRIPTION
Extent 240ص
Dimensions 22 Cm(Hb)
942 ## - ADDED ENTRY ELEMENTS (KOHA)
Source of classification or shelving scheme Dewey Decimal Classification
Item type Urdu Bks
Classification part 841
Call number suffix س ی د
Holdings
Withdrawn status Lost status Not for loan Collection code Home library Current library Date acquired Source of acquisition Cost, normal purchase price Full call number Barcode Copy number Cost, replacement price Koha item type
    Not For Loan Non-fiction D.B.Act.Division D.B.Act.Division 27/06/2019 DBAD/PUB 300.00 841 س ی د U-8812 1 300.00 Urdu Bks

© Delhi Public Library
Hit Counter
free hit counter